Peloubet's notes, 1985-1986 : (Record no. 8027)
[ view plain ]
| 000 -LEADER | |
|---|---|
| fixed length control field | 00727nam a22002175a 4500 |
| 001 - CONTROL NUMBER | |
| control field | 14150 |
| 003 - CONTROL NUMBER IDENTIFIER | |
| control field | GBCCL |
| 005 - DATE AND TIME OF LATEST TRANSACTION | |
| control field | 20241126110641.0 |
| 008 - FIXED-LENGTH DATA ELEMENTS--GENERAL INFORMATION | |
| fixed length control field | 850905|1985 ||| 000 0 eng |
| 010 ## - | |
| -- | 85200607 |
| 020 ## - INTERNATIONAL STANDARD BOOK NUMBER | |
| International Standard Book Number | 0801034221 (pbk.) : |
| Terms of availability | $7.95 |
| 040 ## - CATALOGING SOURCE | |
| Original cataloging agency | DLC |
| Transcribing agency | DLC |
| Modifying agency | DLC |
| 082 ## - DEWEY DECIMAL CLASSIFICATION NUMBER | |
| Classification number | 268.6 |
| Item number | EAR |
| 100 1# - MAIN ENTRY--PERSONAL NAME | |
| Personal name | Earle, Ralph. |
| 9 (RLIN) | 4532 |
| 245 10 - TITLE STATEMENT | |
| Title | Peloubet's notes, 1985-1986 : |
| Remainder of title | based on the international Bible lessons for Christian living uniform series / |
| Statement of responsibility, etc. | by Ralph Earle. |
| 260 ## - PUBLICATION, DISTRIBUTION, ETC. | |
| Place of publication, distribution, etc. | Grand Rapids, Mich. : |
| Name of publisher, distributor, etc. | Baker Book House, |
| Date of publication, distribution, etc. | c1981-1984. |
| 300 ## - PHYSICAL DESCRIPTION | |
| Extent | v. ; 23 cm. |
| 906 ## - LOCAL DATA ELEMENT F, LDF (RLIN) | |
| a | 7 |
| b | ibc |
| c | orignew |
| d | 2 |
| e | ncip |
| f | 19 |
| g | y-gencatlg |
| 942 ## - ADDED ENTRY ELEMENTS (KOHA) | |
| Source of classification or shelving scheme | Dewey Decimal Classification |
| Koha item type | Books |
| Withdrawn status | Lost status | Source of classification or shelving scheme | Damaged status | Not for loan | Home library | Current Library | Shelving location | Date acquired | Total checkouts | Full call number | Barcode | Date last seen | Copy number | Price effective from | Koha item type |
|---|---|---|---|---|---|---|---|---|---|---|---|---|---|---|---|
| Dewey Decimal Classification | GRACE BIBLE COLLEGE | GRACE BIBLE COLLEGE | Ministry & Mission | 2019-01-10 | 268.6 EAR | 005218 | 2025-05-01 | v.108 | 2019-01-10 | Books | |||||
| Dewey Decimal Classification | GRACE BIBLE COLLEGE | GRACE BIBLE COLLEGE | Ministry & Mission | 2019-01-10 | 268.6 EAR | 005220 | 2025-05-01 | v.109 | 2019-01-10 | Books | |||||
| Dewey Decimal Classification | GRACE BIBLE COLLEGE | GRACE BIBLE COLLEGE | Ministry & Mission | 2019-01-10 | 268.6 EAR | 005221 | 2025-05-01 | v.109 | 2019-01-10 | Books | |||||
| Dewey Decimal Classification | GRACE BIBLE COLLEGE | GRACE BIBLE COLLEGE | Ministry & Mission | 2019-01-10 | 268.6 EAR | 005222 | 2025-05-01 | v.110 | 2019-01-10 | Books | |||||
| Dewey Decimal Classification | GRACE BIBLE COLLEGE | GRACE BIBLE COLLEGE | Ministry & Mission | 2019-01-10 | 268.6 EAR | 005223 | 2025-05-01 | v.110 | 2019-01-10 | Books | |||||
| Dewey Decimal Classification | GRACE BIBLE COLLEGE | GRACE BIBLE COLLEGE | Ministry & Mission | 2019-01-10 | 268.6 EAR | 005225 | 2025-05-01 | v.110 | 2019-01-10 | Books | |||||
| Dewey Decimal Classification | GRACE BIBLE COLLEGE | GRACE BIBLE COLLEGE | Ministry & Mission | 2019-01-10 | 268.6 EAR | 005227 | 2025-05-01 | v.110 | 2019-01-10 | Books | |||||
| Dewey Decimal Classification | GRACE BIBLE COLLEGE | GRACE BIBLE COLLEGE | Ministry & Mission | 2019-01-10 | 268.6 EAR | 005229 | 2025-05-01 | v.110 | 2019-01-10 | Books |